Interactions between the environment society and technology: Smallholder rubber sector in Sri Lanka (Record no. 61507)

MARC details
000 -LEADER
fixed length control field 00635nam a2200193Ia 4500
100 ## - MAIN ENTRY--AUTHOR NAME
Personal name Wijesuriya B W
245 #0 - TITLE STATEMENT
Title Interactions between the environment society and technology: Smallholder rubber sector in Sri Lanka
260 ## - PUBLICATION, DISTRIBUTION, ETC. (IMPRINT)
Name of publisher Proceedings of the XXIInd International Biometric Conference, Cairns, Australia, 2004
650 ## - SUBJECT ADDED ENTRY--TOPICAL TERM
Topical Term Smallholder rubber sector
650 ## - SUBJECT ADDED ENTRY--TOPICAL TERM
Topical Term Sri Lanka
700 ## - ADDED ENTRY--PERSONAL NAME
Personal name Abeywardene O V
700 ## - ADDED ENTRY--PERSONAL NAME
Personal name Dissanayake D M A P
700 ## - ADDED ENTRY--PERSONAL NAME
Personal name Edirisinghe J C
700 ## - ADDED ENTRY--PERSONAL NAME
Personal name Herath H M L K
700 ## - ADDED ENTRY--PERSONAL NAME
Personal name Wijeratne M
856 ## - ELECTRONIC LOCATION AND ACCESS
Uniform Resource Identifier Copy of article
942 ## - ADDED ENTRY ELEMENTS (KOHA)
Koha item type Journals
Holdings
Withdrawn status Lost status Damaged status Not for loan Home library Current library Shelving location Date acquired Koha item type
      Journals RRII Library RRII Library Agricultural economics 26/09/2006 Journals